00803 2200301 4500001002100000005001500021007000300036008004100039020002200080035002000102040001700122041000800139082001200147084001800159090002500177100002100202245004000223250001200263264004700275300003300322336002100355337003000376338002300406500003400429650001300463850001000476990001500486INLIS00000000000551220260508011202ta260508 0  a978-602-9185-03-4 a0010-0222000602 aSBPUPADbind aind a297.577 a297.577 NUH y a297.5 ALQ c 2-R 210 aM NuhePengarang1 aYa Allah Jadikan Keluargaku Sakinah a.-Cet 1 a.--Jakarta :bPerpustakaan Nasional,c2011 aiv,220 hal. :bIlus ;c20 cm 2rdacontentateks 2rdamediaatanpa perantara 2rdacarrieravolume aBiografi Penulis hal, 218-219 4aKeluarga aPUPAD a332/B/2013